Countries by Minecraft Player Density - Statistics

General Stats
  • This quiz has been taken 7 times
  • The average score is 9 of 12
Answer Stats
Players per 1M Country % Correct
194k USA
100%
150k Brazil
86%
240k Canada
86%
158k France
86%
165k Germany
86%
138k Mexico
86%
160k Spain
86%
175k UK
86%
185k Australia
71%
140k Japan
71%
148k Russia
43%
146k South Korea
43%
No matching quizzes found
Score Distribution
Percent of People with Each Score
Percentile by Number Answered
Your Score History
You have not taken this quiz